| 000 | 01186pam a2200313 a 4500 | ||
|---|---|---|---|
| 001 | 4361059 | ||
| 003 | ARRUPE | ||
| 005 | 20131126132230.0 | ||
| 008 | 901031s1990 enka b 001 0aeng | ||
| 010 | _a 90023173 | ||
| 020 | _a0901787531 | ||
| 020 | _a090178754X (pbk.) | ||
| 040 |
_aDLC _cDLC _dDLC |
||
| 043 |
_af-gh--- _af-gv--- |
||
| 050 | 0 | 0 |
_aDT512.3.N57 _bA4 1990 |
| 082 | 0 | 0 |
_a966.705/092 _220 |
| 100 | 1 |
_aNkrumah, Kwame, _d1909-1972. _93869 |
|
| 245 | 1 | 0 |
_aKwame Nkrumah : _bthe Conakry years, his life and letters / _ccompiled by June Milne. |
| 260 |
_aLondon ; _aAtlantic Highlands, N.J., USA : _bPANAF, _c1990. |
||
| 300 |
_ax, 422 p. : _bill. ; _c24 cm. |
||
| 504 | _aIncludes bibliographical references and index. | ||
| 600 | 1 | 0 |
_aNkrumah, Kwame, _d1909-1972 _xCorrespondence. _93870 |
| 600 | 1 | 0 |
_aNkrumah, Kwame, _d1909-1972 _xExile _zGuinea _zConakry. _93871 |
| 650 | 0 |
_aPresidents _zGhana _xCorrespondence. _93872 |
|
| 700 | 1 |
_aMilne, June, _d1920- _93873 |
|
| 906 |
_a7 _bcbc _corignew _d1 _eocip _f19 _gy-gencatlg |
||
| 942 |
_2lcc _cMONOGRAPH |
||
| 999 |
_c118688 _d118688 |
||